00708nam a2200193 a 450000100060000000300090000600800410001502000180005604000280007408200170010210000300011924500820014926000270023130000110025850501280026965000300039765000450042765000420047222861CO-ViMGA141112s2004 ck r 000 u spa d a9789701512470 aCO-ViMGAbspacCO-ViMGA04a005.43 D871g1 aRodrìguez Duràn Luis10aEl gran libro del pc interno : bprogramaciòn de sistemas, hardware a fondo aMéxico : bAlfaomega a1263p. aLa programacion del sistema, Hardware, los sitemas de bus, puertos de enlace, Los discos duros, La tarjeta de sonido, Redes14aPROCESADORES DE PALABRAS 14aPROGRAMACION DE COMPUTADORES - HISTORIA 14aSISTEMAS OPERACIONALES (COMPUTADORES)